01169nab a22002297a 4500999001500000003000400015005001700019008004100036040000700077100002400084245017600108300001200284505025700296505007200553650002800625650005800653650003500711650002500746650004600771773010900817942001300926 c5873d5873OSt20260109011827.0190514b xxu||||| |||| 00| 0 spa d cPJ 96755aAlmada, Sonia10aNunca más el silencio :bimprescriptibilidad, verdad y protección digital frente a la violencia sexual contra bebés, niñas, niños y adolescentes /cSonia Almada. ap. 3-10 aSumario: I. Introducción.— II. La imprescriptibilidad como reparación y prevención.— III. Comisiones de la verdad: una deuda pendiente.— IV. Formación, adecuación institucional y nuevas formas de violencia.— V. Consideraciones finales tSi te interesa el texto, comunicate a koha@justierradelfuego.gov.ar 09967aDERECHO DE FAMILIA 092741aDERECHOS DE LAS NIÑAS, NIÑOS Y ADOLESCENTES 092733aVIOLENCIA CONTRA MENORES 093092aPRESCRIPCIÓN 092902aDELITOS CONTRA LA INTEGRIDAD SEXUAL0 0284493222dBuenos Aires : AbeledoPerrot, 1989-tDerecho de familia. N° 121 - Septiembre 2025z18511201 2udccANA